000 00577nam a2200181Ia 4500
005 20250508151355.0
008 008 250505s9999 xx 000 0 eng d
037 _aTextual
040 _aFEDL
_beng
_cFEDL
041 _aeng
_2eng
084 _a750, INT
_qFEDL
245 0 _aArtist in modern society
260 _aParis, France
_bUnited Nations Educational, Scientific and Cultural Organization
_c1954
300 _a128p.
546 _aInternational conference of artists, venice 22-28 september 1952
942 _cTEXL
_h750, INT
999 _c1329350
_d1329350